LDR 00753naa#a2200193#i#450# 001 EN\\bibl\121719 005 20260430024321.4 011 ## _a1998-8990 100 ## _a20260423b2026####ek#y0engy0150####ca 102 ## _aRU 200 1# _aDETERMINATION OF THE STRUCTURAL DIMENSIONS OF A COMPOSITE BANDAGE FOR REPAIRING A PIPELINE SECTION WITH A DANGEROUS DEFECT _eJournal article 210 1# _aSaint-Petersburg _cSaint-Petersburg University of State Fire Service of Emercom of Russia _d2026 215 ## _a11 с. 608 ## _aJournal article _2local 675 ## _aСоединение металлов с неметаллами. 621.792.4 _z 700 #1 _aAndryushkin _gAlexander Yu. 700 #1 _aBulygin _gVladimir V. 700 #1 _aKadochnikova _gElena N. 856 4# _ajournals.igps.ru _u